000 00507nam a2200145 a 4500
008 120416s1997 ||||||||||||||||| || u
020 _a1557757119
050 _aIMF(02)
100 _aEl-Erian, Mohamed A
245 1 4 _aThe Economy of the Middle East and North Africa in 1997
260 _aWashington, D.C.
_bIMF
_c1997
300 _av, 40p. : ill.
350 _a0.00
995 _D0.00
_FCBU-MAIN LIBRARY (Kitwe)
_H1
_I15.00
_UAVAILABLE
_ZInternational Publications
999 _c41090
_d41090